00338nam a2200109Ia 4500008004100000245006600041260003500107260000900142300001000151650001300161856005400174170516s9999 xx 000 0 und d aCitalopram induced nightmare in an elderly man: a case-report bJournal of Pharmaceutical Care c2015 a3:3-4 xPharmacy uhttp://jpc.tums.ac.ir/index.php/jpc/issue/current